Psicología industrial

Gorde:
Xehetasun bibliografikoak
Egile nagusia: Schultz, Duane P (Egilea)
Formatua: Liburua
Hizkuntza:gaztelania
Argitaratua: Ciudad de México Nueva Ed. Interamericana 1985
Gaiak:
Etiketak: Etiketa erantsi
Etiketarik gabe, Izan zaitez lehena erregistro honi etiketa jartzen!

MARC

LEADER 00000nam a2200000 a 4500
001 UCX6955
003 CL-VaPUC
008 930902e19850000MX |||||||||||||||||spa|d
082 0 4 |a 158.7  |b SCH  |2 21 
100 0 |a Schultz, Duane P  |e author  |9 323652 
245 1 0 |a Psicología industrial 
300 |a 457 p 
942 |c BK 
945 |d 19930902 00:00:00 
260 |a Ciudad de México  |b Nueva Ed. Interamericana  |c 1985 
650 0 |a Psicología industrial  |9 271739 
650 7 |a ORGANIZACION INDUSTRIAL ASPECTOS PSICOLOGICOS  |2 CL-VaPUC  |9 310221 
583 |a last modification  |c 19930902 00:00:00  |k Rodrigo Vera 
999 |c 226888  |d 226886 
952 |0 0  |1 0  |4 0  |6 158_700000000000000_SCH_1985  |7 0  |8 A  |9 225533  |a BIBENE  |b BIBENE  |d 2019-11-15  |i 2942143  |o 158.7 SCH 1985  |p 2942143  |r 2024-01-16  |w 2019-11-15  |y BK  |k ICO 
952 |0 0  |1 0  |4 0  |6 158_700000000000000_SCH_1985  |7 0  |8 A  |9 225534  |a BIBENE  |b BIBENE  |d 2019-11-15  |i 2942151  |o 158.7 SCH 1985  |p 2942151  |r 2024-01-16  |w 2019-11-15  |y BK  |k ICO